00703nam a2200241 a 4500001001300000003000900013005001700022008004100039020001000080082001300090100001900103245004700122260004500169300000900214500003500223505001700258650001200275700001900287902000800306942000700314952012500321999001500446nice12345678IN_TiNIC20260116011638.0050524s0000 dela grp 000 0 eng  ac10000a264bDAV aDavies, Horton aChristian Worshipb Its Historyand Meaning aDelhibIntercultural Publications c0000 a128p aincludes index and biblioraphy2 aBibliography aWorship1 aDavies, Horton bSRS cBK 001040708StackRoom-aHMIbHMId2007-10-05g100.00l1o264 DAVp08440r2017-10-04s2017-10-03v100.00w2005-05-24yBK c3094d3094